000 01019nam a2200277Ia 4500
003 OSt
005 20221005105856.0
006 a|||||r|||| 00| 0
007 ta
008 221004b |||||||| |||| 00| 0 hin d
020 _a9788126045525 (hbk)
_cINR 600.00
024 _a36630
037 _bBW/1664, 14/03/2018, Bookwell
_cTextual
040 _aCRL
_cCRL
_bhin
041 _2hin
_ahin
082 _aO152,1N11x, Q5
100 _aविमल कुमार, संपा.
245 0 _aअज्ञेय गद्य रचना संचयन
246 _aAjnyeya gadya rachanā sanchayana
260 _aनई दिल्ली
_bसाहित्य अकादेमी भारत
_c2015
300 _a919पृ0
_ccm.
650 _a हिन्दी साहित्य
650 _aहिन्दी कविता
942 _hO152,1N11x, Q5
_cTEXL
_2cc
999 _c1017165
_d1017165